[Event "World Youth Girl U16 2016"]
[Site "Khanty-Mansiysk RUS"]
[Date "2016.09.28"]
[Round "6.27"]
[White "Griciute, Rosita"]
[Black "Gardiner, Nina"]
[Result "1-0"]
[WhiteElo "1641"]
[BlackElo "1530"]
[WhiteFideId "12811238"]
[BlackFideId "14306867"]
[EventDate "2016.09.22"]

1. e4 e5 2. Nf3 Nc6 3. Nc3 Nf6 4. d4 exd4 5. Nxd4 Bb4 6. Nxc6 bxc6 7. Bd3 d5 8.
exd5 cxd5 9. O-O O-O 10. Bg5 c6 11. a3 Be7 12. h3 Be6 13. Re1 Re8 14. Qf3 h6 15.
Bh4 Rb8 16. Rab1 c5 17. Bf1 Kh8 18. Bg3 Bd6 19. Bxd6 Qxd6 20. Bd3 Qd8 21. Bf5
Bxf5 22. Rxe8+ Qxe8 23. Qxf5 d4 24. Nd5 Qe6 25. Qxe6 fxe6 26. Nf4 Re8 27. Re1 e5
28. Ng6+ Kh7 29. Nxe5 Rb8 30. Nc4 Nd5 31. Re5 Rd8 32. Kf1 Rd7 33. g3 g5 34. Kg2
Kg7 35. Nd2 Kf6 36. Nc4 Kg7 37. Kg1 Kf6 38. Kf1 Kg7 39. Rf5 Kg6 40. Re5 Kg7 41.
Rf5 Kg6 42. Ne5+ Kxf5 43. Nxd7 c4 44. Nc5 Ke5 45. Ke1 Nf6 46. Ke2 Kd5 47. Na6
Ke4 48. Nb4 a5 49. f3+ Ke5 50. Nc6+ Kd5 51. Nxa5 Nd7 52. b4 Nb6 53. Kd2 Na4 54.
Nb7 Kc6 55. Nd8+ Kd5 56. Nf7 c3+ 57. Kc1 Kc4 58. Ne5+ Kd5 59. Nd3 h5 60. h4 g4
61. fxg4 hxg4 62. h5 Ke6 63. Nc5+ Nxc5 64. bxc5 Kd5 65. h6 Kxc5 66. h7 Kd5 67.
h8=Q Ke4 68. Qf6 Ke3 69. Kd1 Ke4 1-0

[Event "World Youth Girl U16 2016"]
[Site "Khanty-Mansiysk RUS"]
[Date "2016.09.28"]
[Round "6.28"]
[White "Wijesuriya, G P Y"]
[Black "Nazarova, Veronika"]
[Result "0-1"]
[WhiteElo "1588"]
[BlackElo "1303"]
[WhiteFideId "9906959"]
[BlackFideId "4506944"]
[EventDate "2016.09.22"]

1. e4 c5 2. Nc3 Nc6 3. d3 d6 4. Be3 g6 5. Qd2 Bg7 6. g3 Nf6 7. Bg2 Ng4 8. Bf4 e5
9. Bg5 f6 10. Be3 Nxe3 11. Qxe3 Nd4 12. Qd2 Be6 13. Nge2 Qb6 14. b3 O-O 15. Nxd4
cxd4 16. Ne2 Rac8 17. O-O Qc5 18. Rac1 d5 19. exd5 Bxd5 20. Bxd5+ Qxd5 21. f3 h5
22. c4 dxc3 23. Rxc3 Rfd8 24. Rcc1 Kh7 25. f4 exf4 26. Nxf4 Qd4+ 27. Qf2 Qxf2+
28. Kxf2 Bh6 0-1

[Event "World Youth Girl U16 2016"]
[Site "Khanty-Mansiysk RUS"]
[Date "2016.09.28"]
[Round "6.29"]
[White "Horn, Caro"]
[Black "Tomcikova, Zuzana"]
[Result "0-1"]
[WhiteElo "1229"]
[BlackElo "1621"]
[WhiteFideId "15200884"]
[BlackFideId "14939126"]
[EventDate "2016.09.22"]

1. e4 c6 2. d4 d5 3. Nc3 dxe4 4. Nxe4 Bf5 5. Nc3 e6 6. Bf4 Bd6 7. Qd2 Qc7 8.
Bxd6 Qxd6 9. Nf3 Nd7 10. O-O-O Ngf6 11. Kb1 O-O-O 12. Bd3 Bg4 13. Be2 h6 14. h3
Bh5 15. Rhe1 Qc7 16. Qe3 Nb6 17. Rd2 Bg6 18. Red1 Rhe8 19. h4 Ng4 20. Nb5 cxb5
21. Qb3 a6 22. Bd3 Bxd3 23. Qxd3 Qf4 0-1

[Event "World Youth Girl U16 2016"]
[Site "Khanty-Mansiysk RUS"]
[Date "2016.09.29"]
[Round "7.1"]
[White "Shuvalova, Polina"]
[Black "Aakanksha, Hagawane"]
[Result "1-0"]
[WhiteTitle "WFM"]
[WhiteElo "2393"]
[BlackElo "2183"]
[WhiteFideId "24171760"]
[BlackFideId "25014510"]
[EventDate "2016.09.22"]

1. d4 Nf6 2. c4 g6 3. Nc3 d5 4. cxd5 Nxd5 5. e4 Nxc3 6. bxc3 Bg7 7. Qa4+ Bd7 8.
Qa3 c6 9. Nf3 Bg4 10. Be2 Nd7 11. Rb1 Nb6 12. O-O O-O 13. Bg5 Re8 14. h3 Bxf3
15. Bxf3 Qc7 16. Qb3 e5 17. Rfd1 Rab8 18. a4 Nd7 19. Be3 b5 20. d5 cxd5 21. axb5
dxe4 22. Bxe4 Nb6 23. c4 Nd7 24. Bc6 Red8 25. Qa2 Nb6 26. c5 Nc8 27. Rxd8+ Qxd8
28. Rb2 Qf6 29. Rd2 Ne7 30. Qxa7 Nxc6 31. bxc6 Rc8 32. Qd7 Qf5 33. g4 Qe6 34.
Rd6 Qe8 35. Qxe8+ Rxe8 36. c7 1-0

[Event "World Youth Girl U16 2016"]
[Site "Khanty-Mansiysk RUS"]
[Date "2016.09.29"]
[Round "7.2"]
[White "Vazquez Maccarini, Danitza"]
[Black "Yao, Lan"]
[Result "1/2-1/2"]
[WhiteTitle "WIM"]
[WhiteElo "2142"]
[BlackElo "2235"]
[WhiteFideId "3101193"]
[BlackFideId "8610835"]
[EventDate "2016.09.22"]

1. e4 c5 2. Nf3 d6 3. d4 cxd4 4. Nxd4 Nf6 5. Nc3 Nc6 6. Bg5 e6 7. Qd2 a6 8.
O-O-O Bd7 9. f4 h6 10. Bh4 Nxe4 11. Qe1 Nf6 12. Nf5 Qa5 13. Nxd6+ Bxd6 14. Rxd6
Qc7 15. Rd2 O-O-O 16. Qe3 Ne7 17. Bd3 Bc6 18. Rhd1 Ned5 19. Nxd5 Rxd5 20. Bxf6
gxf6 21. Be4 Rxd2 22. Rxd2 Bxe4 23. Qxe4 Kb8 24. g3 Rd8 25. Rxd8+ Qxd8 26. b3
Qd6 27. Qd3 Qe7 28. Qe3 h5 29. Qf3 Qc5 30. Qd3 Ka7 31. Qd8 Qc3 32. a4 Qa1+ 33.
Kd2 Qg1 34. Kc3 e5 35. a5 Qc5+ 36. Kd3 e4+ 37. Kxe4 Qxc2+ 38. Qd3 f5+ 39. Ke3
Qc1+ 40. Ke2 Qc8 41. b4 Ka8 42. Kf2 f6 43. Qd1 Qe8 44. Qd6 Qe4 45. Qxf6 Qc2+ 46.
Kg1 Qd1+ 47. Kf2 Qd2+ 48. Kg1 Qe1+ 49. Kg2 Qe2+ 50. Kh3 Qg4+ 51. Kg2 Qe2+ 1/2-1/2

[Event "World Youth Girl U16 2016"]
[Site "Khanty-Mansiysk RUS"]
[Date "2016.09.29"]
[Round "7.3"]
[White "Alinasab, Mobina"]
[Black "Kiolbasa, Oliwia"]
[Result "1/2-1/2"]
[WhiteTitle "WFM"]
[BlackTitle "WIM"]
[WhiteElo "2230"]
[BlackElo "2196"]
[WhiteFideId "12528897"]
[BlackFideId "1154613"]
[EventDate "2016.09.22"]

1. e4 e5 2. Nf3 Nc6 3. Bb5 a6 4. Ba4 Nf6 5. O-O Be7 6. Re1 b5 7. Bb3 O-O 8. c3
d6 9. d4 Bg4 10. d5 Na5 11. Bc2 c6 12. h3 Bc8 13. dxc6 Qc7 14. Nbd2 Qxc6 15. Nf1
Be6 16. Ng5 Bd7 17. Ne3 h6 18. Nf3 Rfe8 19. Nf5 Bf8 20. g4 Nh7 21. Kg2 Nc4 22.
a4 Rad8 23. b3 Nb6 24. a5 Nc8 25. Qd3 Bxf5 26. gxf5 d5 27. exd5 Rxd5 28. Qe3 Nf6
29. c4 Rdd8 30. Be4 Nxe4 31. Qxe4 Qxe4 32. Rxe4 f6 33. cxb5 Nd6 34. Re2 Nxb5 35.
Be3 Rd3 36. Rb2 Nd6 37. Nh4 Rb8 38. Bb6 Rc8 39. Be3 Rcc3 40. Rd2 Rxd2 41. Bxd2
Rxb3 42. Rc1 Rb2 43. Be3 Rb4 44. Ng6 Rc4 45. Rd1 Rc6 46. Rd5 Nf7 47. Rd7 Rc8 48.
Ra7 Nd6 49. Nh4 Rc4 50. Ng6 Rc8 51. Nh4 Rc4 52. Ng6 Rc8 53. Nh4 1/2-1/2

[Event "World Youth Girl U16 2016"]
[Site "Khanty-Mansiysk RUS"]
[Date "2016.09.29"]
[Round "7.4"]
[White "Radeva, Viktoria"]
[Black "Martynkova, Olena"]
[Result "1/2-1/2"]
[WhiteTitle "WFM"]
[BlackTitle "WFM"]
[WhiteElo "2143"]
[BlackElo "2287"]
[WhiteFideId "2915405"]
[BlackFideId "14134039"]
[EventDate "2016.09.22"]

1. e4 c5 2. Nf3 e6 3. d4 cxd4 4. Nxd4 Nc6 5. Nc3 Qc7 6. f4 a6 7. Nxc6 Qxc6 8.
Bd3 b5 9. Qe2 Bb7 10. Bd2 Bc5 11. O-O-O Ne7 12. a3 Rc8 13. Kb1 O-O 14. Qh5 Qb6
15. Rhf1 Bd4 16. Ne2 Be3 17. Bc3 f6 18. Rf3 g6 19. Qh4 d5 20. Rxe3 dxe4 21. Rh3
Rf7 22. Bxf6 exd3 23. Rhxd3 Nd5 24. Be5 a5 25. Nc3 b4 26. Ne4 Ba6 27. Rxd5 exd5
28. Nf6+ Rxf6 29. Qxf6 Qxf6 30. Bxf6 bxa3 31. bxa3 Bc4 32. Kb2 Kf7 33. Bc3 a4
34. Re1 Rb8+ 35. Bb4 Re8 36. Rxe8 Kxe8 37. Kc3 Kd7 38. Kd4 Ke6 39. Kc5 Be2 40.
Kd4 h5 41. Bf8 Bf1 42. g3 Be2 43. Bg7 Bd1 44. Kc3 Kf5 45. Kd2 Bf3 46. Ke3 Bd1
47. c3 Kg4 48. Kd4 Bb3 49. Be5 h4 50. gxh4 Kxh4 51. Bd6 Kg4 52. Ke5 Bc4 53. Kf6
Bd3 54. Ke5 Bc4 55. Kf6 Bd3 56. Bc7 Bc2 57. Ke5 Bb3 58. Bd8 Bc4 59. h4 Bb3 60.
Bg5 Bc4 61. Kf6 Bd3 62. Ke5 Bc4 63. Kf6 Bd3 64. Ke6 Bc4 65. Ke5 Bb3 66. Kf6 Bc2
67. Ke5 Bb3 68. Kf6 Bc2 69. Ke5 Bb3 1/2-1/2

[Event "World Youth Girl U16 2016"]
[Site "Khanty-Mansiysk RUS"]
[Date "2016.09.29"]
[Round "7.5"]
[White "Sliwicka, Alicja"]
[Black "Sieber, Fiona"]
[Result "1-0"]
[WhiteTitle "WFM"]
[BlackTitle "WFM"]
[WhiteElo "2092"]
[BlackElo "2268"]
[WhiteFideId "1150677"]
[BlackFideId "12902373"]
[EventDate "2016.09.22"]

1. e4 c5 2. Nf3 d6 3. d4 cxd4 4. Nxd4 Nf6 5. Nc3 Bd7 6. Bg5 e6 7. Ndb5 Bxb5 8.
Bxb5+ Nc6 9. Qf3 Be7 10. e5 Nd7 11. Bxe7 Kxe7 12. exd6+ Kf8 13. Bxc6 Ne5 14. Qh5
Nxc6 15. O-O-O Qd7 16. Rhe1 h6 17. Re3 b6 18. g4 g6 19. Qh4 Kg7 20. Ne4 g5 21.
Qg3 f6 22. f4 Raf8 23. Nc3 e5 24. fxe5 fxe5 25. h3 Rf4 26. Red3 Rhf8 27. Nd5 e4
28. Rb3 Rf3 29. Rxf3 Rxf3 30. Qh2 Qe6 31. Qe2 Rxh3 32. d7 Rf3 33. Ne3 Qxa2 34.
Nf5+ Kh7 35. Qxe4 Qa1+ 36. Kd2 Rf2+ 37. Ke1 Rf1+ 38. Kxf1 Qxd1+ 39. Kg2 Qd2+ 40.
Kh3 Qxd7 41. Ne7+ Kh8 42. Nxc6 Qf7 43. Qe5+ Kh7 44. Qf5+ Qxf5 45. gxf5 1-0

[Event "World Youth Girl U16 2016"]
[Site "Khanty-Mansiysk RUS"]
[Date "2016.09.29"]
[Round "7.6"]
[White "Kazarian, Anna-Maja"]
[Black "Hrescak, Ivana"]
[Result "1-0"]
[WhiteTitle "FM"]
[BlackTitle "WFM"]
[WhiteElo "2231"]
[BlackElo "1957"]
[WhiteFideId "1033689"]
[BlackFideId "14613441"]
[EventDate "2016.09.22"]

1. e4 g6 2. d4 Bg7 3. Nc3 d6 4. Bc4 a6 5. a4 e6 6. Nf3 Ne7 7. Bb3 b6 8. Bf4 Nd7
9. Qe2 Bb7 10. Rd1 h6 11. h4 Nc8 12. e5 d5 13. O-O Ne7 14. Qd2 c5 15. Ne2 c4 16.
Ba2 b5 17. Ra1 Nf5 18. g3 O-O 19. Bb1 Bc6 20. c3 h5 21. Bxf5 exf5 22. axb5 axb5
23. e6 fxe6 24. Bd6 Re8 25. Rxa8 Bxa8 26. Nf4 Bh6 27. Be5 Kh7 28. Ra1 Qb6 29.
Qe2 b4 30. cxb4 Bc6 31. Bd6 Bb5 32. Bc5 Qc6 33. Ne5 Nxe5 34. Qxe5 Ba6 35. Qf6
Bxf4 36. Qf7+ Kh8 37. Rxa6 Qxa6 38. Qxe8+ Kh7 39. Qf7+ Kh8 40. Bf8 1-0

[Event "World Youth Girl U16 2016"]
[Site "Khanty-Mansiysk RUS"]
[Date "2016.09.29"]
[Round "7.7"]
[White "Jakab, Kincso"]
[Black "Priyanka, K"]
[Result "1/2-1/2"]
[WhiteElo "1893"]
[BlackElo "2205"]
[WhiteFideId "1232002"]
[BlackFideId "5082986"]
[EventDate "2016.09.22"]

1. c4 Nf6 2. Nc3 g6 3. e4 d6 4. g3 Bg7 5. Bg2 O-O 6. Nge2 Nc6 7. O-O e5 8. d3
Ne8 9. Nd5 f5 10. Be3 Be6 11. exf5 gxf5 12. d4 Ne7 13. Nxe7+ Qxe7 14. Rc1 Nf6
15. b3 c6 16. Qd2 Qf7 17. Rcd1 Ng4 18. dxe5 Nxe3 19. fxe3 dxe5 20. e4 Qg6 21.
Qd3 Qg5 22. Qd2 Qxd2 23. Rxd2 fxe4 24. Bxe4 Bh6 25. Rd3 Bh3 26. Rxf8+ Bxf8 27.
Kf2 Bc5+ 28. Ke1 Bb4+ 29. Kf2 Bg4 30. Nc3 Rf8+ 31. Kg2 Bc5 32. Bf3 Bf5 33. Be4
Be6 34. Rf3 Bb4 35. Rxf8+ Kxf8 36. Nd1 Kg7 37. Ne3 h5 38. Kf3 Kf6 39. g4 hxg4+
40. Nxg4+ Kg5 41. Nxe5 Bd6 42. Nd3 Bxh2 43. Nb4 Bd6 44. Nc2 Bg4+ 45. Ke3 Bc5+
46. Kd3 Kf4 47. Bg6 Bh3 48. Bh7 Bf1+ 49. Kc3 Be7 50. Bd3 Bf6+ 51. Kd2 Bh3 52.
Bg6 Kf3 1/2-1/2

[Event "World Youth Girl U16 2016"]
[Site "Khanty-Mansiysk RUS"]
[Date "2016.09.29"]
[Round "7.8"]
[White "Kochukova, Anna"]
[Black "Di Benedetto, Desiree"]
[Result "0-1"]
[WhiteTitle "WFM"]
[BlackTitle "WFM"]
[WhiteElo "2073"]
[BlackElo "2183"]
[WhiteFideId "24173932"]
[BlackFideId "875813"]
[EventDate "2016.09.22"]

1. e4 c5 2. Nf3 Nc6 3. d4 cxd4 4. Nxd4 Nf6 5. Nc3 e5 6. Ndb5 d6 7. Bg5 a6 8. Na3
b5 9. Nd5 Be7 10. Bxf6 Bxf6 11. c4 b4 12. Nc2 a5 13. g3 O-O 14. h4 Be6 15. Bg2
Rc8 16. O-O g6 17. b3 Bg7 18. Qd3 f5 19. Bh3 Qe8 20. Rad1 f4 21. Bxe6+ Qxe6 22.
Nb6 Rb8 23. Qd5 Qxd5 24. Nxd5 Rb7 25. Kg2 h5 26. Rd3 Kh7 27. gxf4 exf4 28. f3
Be5 29. Rd2 Ra8 30. Ne1 a4 31. Nd3 axb3 32. axb3 Bc3 33. Rdd1 Ra3 34. Rb1 Nd4
35. Nc1 Nc2 36. Kh3 Ne3 37. Rg1 Nxd5 38. cxd5 Bd2 39. Rd1 Be3 40. Nd3 Ra2 41.
Rb2 Ra3 42. Rdb1 Bd4 43. Rc2 Bc3 44. Nc1 Kg7 45. Ne2 Be5 46. Nc1 Bc3 47. Nd3 Kh7
48. Kg2 Rf7 49. Re2 Ra5 50. Kf1 Kh6 51. Rc2 Rfa7 52. Ke2 Ra1 53. Rcc1 Rxb1 54.
Rxb1 Ra3 55. Rg1 Rxb3 56. Nxf4 Ra3 57. Nd3 Kh7 58. f4 b3 59. Rc1 b2 60. Nxb2
Bxb2 61. Rc6 Ra2 62. Kf3 Ra3+ 63. Ke2 Ra4 64. Kf3 Ba3 65. Rc3 Bb4 66. Rc4 Ra3+
67. Kf2 Bc5+ 68. Kg2 Rd3 69. Rc2 Kg7 70. Ra2 Rc3 71. Rb2 Rc4 72. Kf3 Rd4 73. Rc2
Rd1 74. Rb2 Rf1+ 75. Kg3 Rg1+ 76. Kh3 Re1 77. Rb7+ Kf6 78. e5+ dxe5 79. Rc7 Ba3
80. Rc3 Bb4 81. Rc4 Bd6 82. Rc6 Ke7 83. fxe5 Rxe5 0-1

[Event "World Youth Girl U16 2016"]
[Site "Khanty-Mansiysk RUS"]
[Date "2016.09.29"]
[Round "7.9"]
[White "Broly, Mathilde"]
[Black "Yakubbaeva, Nilufar"]
[Result "0-1"]
[WhiteElo "2046"]
[BlackElo "1896"]
[WhiteFideId "20682794"]
[BlackFideId "14204487"]
[EventDate "2016.09.22"]

1. e4 c6 2. d4 d5 3. Nc3 dxe4 4. Nxe4 Bf5 5. Nc5 Qc8 6. Bd3 Bxd3 7. Nxd3 Nf6 8.
Nf3 e6 9. Qe2 Bd6 10. b3 O-O 11. O-O Nbd7 12. Bb2 a5 13. c4 Qd8 14. Rad1 Qe7 15.
Nfe5 a4 16. f4 Rfd8 17. Rde1 axb3 18. axb3 Ra2 19. Nc1 Ra5 20. Ncd3 Ra2 21. Nc1
Ra5 22. g4 c5 23. d5 exd5 24. Qd2 Raa8 25. Ng6 Qxe1 26. Rxe1 hxg6 27. g5 Nh5 28.
Qxd5 Bxf4 29. Qg2 Nf8 30. Bc3 Ne6 31. Ne2 Ra2 32. Qe4 Nxg5 33. Qb1 Ra6 34. Kh1
Bb8 35. Rd1 Re8 36. Ng1 Rae6 37. Qc2 Re4 38. Bd2 Nf4 39. Rf1 Nfh3 40. Nxh3 Nxh3
41. Rf3 Nf4 42. Be3 Rxe3 43. Rxe3 Rxe3 44. Qd2 Re2 45. Qd8+ Kh7 46. Kg1 Be5 47.
Qh4+ Nh5 48. Qg4 Bxh2+ 0-1

[Event "World Youth Girl U16 2016"]
[Site "Khanty-Mansiysk RUS"]
[Date "2016.09.29"]
[Round "7.10"]
[White "Simakova, Elena"]
[Black "Amina, Battsooj"]
[Result "0-1"]
[BlackTitle "FM"]
[WhiteElo "1860"]
[BlackElo "2302"]
[WhiteFideId "34142166"]
[BlackFideId "4902661"]
[EventDate "2016.09.22"]

1. e4 e5 2. Nf3 Nc6 3. Bb5 a6 4. Ba4 Nf6 5. d4 exd4 6. O-O Bc5 7. e5 Ng8 8. Bb3
h6 9. c3 dxc3 10. Bxf7+ Kxf7 11. Qd5+ Ke8 12. Qxc5 cxb2 13. Bxb2 Qe7 14. Qc2 Qf7
15. Nc3 Nge7 16. Rad1 Rf8 17. Ba3 b5 18. Bxe7 Nxe7 19. Ne4 Qg6 20. Nd4 Bb7 21.
Rfe1 Rc8 22. f3 Bd5 23. Kh1 Bc4 24. Qb2 Nf5 25. Nxf5 Rxf5 26. Nc5 Rf7 27. e6
dxe6 28. Nxa6 Qf5 29. Re5 Qf6 30. Nc5 Rd8 31. Rde1 Re7 32. h3 c6 33. Ne4 Qf4 34.
Rc5 Bd5 35. Qb4 Rc7 36. Qb2 Rcd7 37. a3 Ra8 38. Nf2 Qg3 39. Rcc1 Qf4 40. Ne4 Rf7
41. Nc5 Rf6 42. Nd3 Qg3 43. Ne5 Ra4 44. Ng4 Rxf3 45. Re2 Rb3 46. Qxg7 Qxh3+ 47.
Nh2 Rf4 48. Qe5 Qf5 49. Qd6 Rb1 50. Rce1 Rxe1+ 51. Rxe1 Qg5 52. Nf3 Qh5+ 53. Kg1
Rf5 54. Ne5 Qg5 55. Nf3 Rxf3 56. Qb8+ Kf7 57. Qc7+ Kg6 0-1

[Event "World Youth Girl U16 2016"]
[Site "Khanty-Mansiysk RUS"]
[Date "2016.09.29"]
[Round "7.12"]
[White "Tishova, Svetlana"]
[Black "Limanovska, Elizabete"]
[Result "1/2-1/2"]
[WhiteElo "2317"]
[BlackElo "1870"]
[WhiteFideId "24173550"]
[BlackFideId "11603542"]
[EventDate "2016.09.22"]

1. e4 c5 2. Nf3 d6 3. Bb5+ Bd7 4. Bxd7+ Qxd7 5. c4 Nc6 6. O-O g6 7. d4 cxd4 8.
Nxd4 Bg7 9. Be3 Nf6 10. f3 O-O 11. Nc3 Rfc8 12. Nde2 Qd8 13. Qd2 a6 14. b3 Rab8
15. a4 Nd7 16. Rab1 Nb4 17. Nf4 b6 18. Rfc1 Nc5 19. Nfd5 Ncd3 20. Rf1 Rb7 21.
Ne2 a5 22. Nc1 Nxd5 23. exd5 Nb4 24. Ne2 e6 25. dxe6 fxe6 26. Nf4 Re7 27. Qf2
Rc6 28. Rbd1 d5 29. cxd5 exd5 30. Bd4 g5 31. Bxg7 Rxg7 32. Nh5 Rgg6 33. Rd2 Qc7
34. Ng3 Rc2 35. Nf5 Rxd2 36. Qxd2 Qe5 37. Nd4 Nc6 38. Rd1 Nxd4 39. Qxd4 Re6 40.
Qxe5 Rxe5 41. Kf2 Kf7 42. h4 h6 43. hxg5 hxg5 44. Rd3 Rf5 45. Ke3 Ke6 46. Rc3
Kd6 47. Kd4 Rf4+ 48. Kd3 g4 49. Ke3 Ke5 50. Rc8 Rb4 51. f4+ Ke6 52. Re8+ Kf7 53.
Rb8 Rxb3+ 54. Kd4 Ke6 1/2-1/2

[Event "World Youth Girl U16 2016"]
[Site "Khanty-Mansiysk RUS"]
[Date "2016.09.29"]
[Round "7.13"]
[White "Monroy G., Nataly A."]
[Black "Mammadova, Susan"]
[Result "0-1"]
[WhiteTitle "WIM"]
[WhiteElo "2105"]
[BlackElo "1836"]
[WhiteFideId "3304019"]
[BlackFideId "13413210"]
[EventDate "2016.09.22"]

1. d4 Nf6 2. c4 g6 3. Nc3 Bg7 4. e4 d6 5. h3 O-O 6. Nf3 Nbd7 7. Bg5 h6 8. Be3 e5
9. d5 Kh7 10. g4 Ng8 11. Be2 a5 12. h4 Nc5 13. g5 h5 14. Nd2 Ne7 15. a3 b6 16.
b4 Nb7 17. b5 Nc5 18. Nf1 Nd7 19. Ng3 f5 20. exf5 Nxf5 21. Nxf5 Rxf5 22. Rc1 Qf8
23. Bd3 Nc5 24. Bxf5 Bxf5 25. Bxc5 bxc5 26. Qe2 Bg4 27. Qe3 e4 28. Ne2 Re8 29.
Rg1 Be5 30. Rd1 Qf3 31. Kd2 Qf5 32. Rxg4 Qxg4 33. Rh1 Rf8 34. Qh3 Rxf2 35. Qxg4
hxg4 36. Ke3 Rf3+ 37. Kxe4 Rxa3 38. Rg1 g3 39. Rf1 Kg7 40. Rg1 a4 41. Nf4 Bxf4
42. Kxf4 Rc3 43. Ra1 a3 44. Kg4 g2 0-1

[Event "World Youth Girl U16 2016"]
[Site "Khanty-Mansiysk RUS"]
[Date "2016.09.29"]
[Round "7.14"]
[White "Kostava, Elene"]
[Black "Sakorenko, Adriana"]
[Result "0-1"]
[WhiteElo "1756"]
[BlackElo "2007"]
[WhiteFideId "13603280"]
[BlackFideId "34130249"]
[EventDate "2016.09.22"]

1. Nf3 Nf6 2. c4 e6 3. e3 d5 4. Be2 Be7 5. b3 O-O 6. Bb2 b6 7. cxd5 Nxd5 8. O-O
Bb7 9. d4 c5 10. Nbd2 Nc6 11. Nc4 cxd4 12. Nxd4 Nxd4 13. Bxd4 Bf6 14. Bf3 Qe7
15. Rc1 Rfd8 16. Bxf6 Qxf6 17. Bxd5 Rxd5 18. Qe2 Rad8 19. Rfd1 Ba6 20. Qc2 Rc8
21. a4 g6 22. f3 Bxc4 23. bxc4 Rdc5 24. Qb3 Qe7 25. Rd2 Qc7 26. Rdc2 a6 27. e4
b5 28. axb5 axb5 29. Rc3 Qe5 30. h3 Qd4+ 31. Kh2 Rxc4 32. Rxc4 bxc4 33. Qb7 Rc5
34. Qb4 e5 35. Rc3 Kg7 36. Qb2 Ra5 37. Qc1 Ra4 38. Qc2 Ra2 39. Qc1 Ra4 40. Qc2
Ra2 41. Qc1 Qf2 42. Qg1 Qe2 43. Kg3 Qd2 44. Re3 c3 45. Kh2 Ra1 46. Qxa1 Qxe3 0-1

[Event "World Youth Girl U16 2016"]
[Site "Khanty-Mansiysk RUS"]
[Date "2016.09.29"]
[Round "7.15"]
[White "Hamedi Nia, Vesal"]
[Black "Yang, Yijing"]
[Result "0-1"]
[BlackTitle "WCM"]
[WhiteElo "1904"]
[BlackElo "1975"]
[WhiteFideId "12542253"]
[BlackFideId "8608601"]
[EventDate "2016.09.22"]

1. d4 Nf6 2. c4 c5 3. Nf3 cxd4 4. Nxd4 Nc6 5. Nc3 g6 6. Bg5 Bg7 7. e3 Qa5 8.
Bxf6 Bxf6 9. Qd2 Nxd4 10. exd4 O-O 11. Be2 b6 12. O-O Bb7 13. f4 d5 14. Bf3 Qb4
15. b3 Rab8 16. a3 Qxb3 17. Be2 dxc4 18. Rfb1 Bxd4+ 19. Qxd4 Qc2 20. Rc1 Qf5 21.
Bxc4 Rfd8 22. Qe3 e6 23. Ne2 b5 24. Ng3 Qg4 25. Be2 Qh4 26. Rc7 a6 27. Rac1 Qf6
28. Bf3 Bxf3 29. Qxf3 Qd4+ 30. Kh1 a5 31. Ne4 b4 32. R1c4 Qb2 33. axb4 axb4 34.
h3 b3 35. Nc5 Qa2 36. Qf1 Rd2 37. Ra4 Qb2 38. Re7 Rxg2 39. Qxg2 Qxg2+ 40. Kxg2
b2 0-1

[Event "World Youth Girl U16 2016"]
[Site "Khanty-Mansiysk RUS"]
[Date "2016.09.29"]
[Round "7.16"]
[White "Grigoryan, Arpine"]
[Black "Saumy, Zainab"]
[Result "1-0"]
[WhiteElo "1942"]
[BlackElo "1688"]
[WhiteFideId "13307231"]
[BlackFideId "9911316"]
[EventDate "2016.09.22"]

1. e4 c6 2. d4 d5 3. Nc3 dxe4 4. Nxe4 Nd7 5. Nf3 Ngf6 6. Nxf6+ Nxf6 7. g3 e6 8.
Bg2 Bd6 9. O-O Qc7 10. Qe2 b6 11. Ne5 Bb7 12. Re1 O-O 13. Bg5 Nd7 14. Rad1 c5
15. Bxb7 Qxb7 16. Nxd7 Qxd7 17. dxc5 bxc5 18. Bf4 e5 19. Bxe5 Rfe8 20. Qd3 Re6
21. Bxd6 Rd8 22. Rxe6 Qxe6 23. Qf3 h6 24. Bxc5 Rxd1+ 25. Qxd1 Qxa2 26. Be3 1-0

[Event "World Youth Girl U16 2016"]
[Site "Khanty-Mansiysk RUS"]
[Date "2016.09.29"]
[Round "7.17"]
[White "Sevilla, Julia"]
[Black "Prakapuk, Vera"]
[Result "0-1"]
[WhiteElo "1546"]
[BlackElo "1908"]
[WhiteFideId "2099730"]
[BlackFideId "13507052"]
[EventDate "2016.09.22"]

1. d4 d5 2. c4 c6 3. Nf3 Nf6 4. e3 e6 5. b3 Ne4 6. Bb2 Bb4+ 7. Nbd2 f5 8. Bd3
O-O 9. a3 Bd6 10. O-O Nd7 11. Ne5 Ndf6 12. f3 Nxd2 13. Qxd2 Qe8 14. b4 b6 15. a4
Bb7 16. a5 Bc7 17. b5 dxc4 18. bxc6 Bxc6 19. Bxc4 b5 20. Bd3 Nd5 21. e4 Ne7 22.
Nxc6 Qxc6 23. Ba3 Rf7 24. Rac1 Qd7 25. Bxb5 Bxh2+ 26. Kxh2 Qxb5 27. Rfe1 fxe4
28. Rxe4 Qh5+ 29. Kg1 Nf5 30. Rxe6 Ng3 31. Qe1 Qh1+ 32. Kf2 Qh4 33. Re8+ Rf8 34.
Qe6+ Kh8 35. Bxf8 Nf5+ 36. Kf1 Qh1+ 37. Kf2 Qh4+ 38. Kg1 Qxd4+ 39. Kh2 Qf4+ 40.
g3 Qxg3+ 41. Kh1 Qxf3+ 42. Kg1 Qg4+ 43. Kf2 Qf4+ 44. Kg2 Rxe8 45. Qxe8 Ne3+ 46.
Qxe3 Qxe3 47. Rc8 Qe4+ 48. Kg3 Qe5+ 49. Kg2 Qg5+ 50. Kh1 Qh4+ 0-1

[Event "World Youth Girl U16 2016"]
[Site "Khanty-Mansiysk RUS"]
[Date "2016.09.29"]
[Round "7.18"]
[White "Bauyrzhan, Arnash"]
[Black "Petraki, Argiro"]
[Result "0-1"]
[WhiteElo "1904"]
[BlackElo "1632"]
[WhiteFideId "13706322"]
[BlackFideId "4252748"]
[EventDate "2016.09.22"]

1. e4 c5 2. Nf3 Nc6 3. Bb5 g6 4. O-O Bg7 5. Nc3 a6 6. Bxc6 dxc6 7. h3 Nf6 8. d3
O-O 9. Be3 b6 10. Qd2 Re8 11. Bh6 e5 12. Be3 Nd7 13. Rae1 Nf8 14. Na4 Ne6 15. b4
Nd4 16. Nxd4 cxd4 17. Bh6 a5 18. Bxg7 Kxg7 19. f4 axb4 20. f5 Rxa4 21. f6+ Kh8
22. Qg5 Qd6 23. h4 Rxa2 24. Ra1 Rxa1 25. Rxa1 Qf8 26. Ra7 h6 27. Qg3 Kh7 28. Kh2
Re6 29. Qf3 Qe8 30. h5 g5 31. Ra8 Qd7 32. Qg3 Qb7 33. Ra1 c5 34. Rf1 b5 35. Rf5
Qc6 36. Rxe5 Rxf6 37. Re7 Kg7 38. Rc7 Qe6 39. Rxc5 Bd7 40. Rd5 Bc6 41. Rxd4 b3
42. cxb3 Qxb3 43. Qb8 Qd1 44. Rd8 Qxh5+ 45. Kg1 Qd1+ 46. Kh2 Kg6 47. Rd6 Qf1 48.
g3 Bd7 49. Rxf6+ Qxf6 50. Kg2 Qe6 51. Kf2 Qb3 52. Ke3 Be6 53. Qe5 b4 54. Qb5 Qb1
55. Kd4 Qg1+ 56. Ke5 Qxg3+ 0-1